Prezydenci/głowy państwa Polski - Statystyki

Ogólne statystyki
  • Ten quiz został rozwiązany 223 razy
  • Średni wynik to 10 z 18
Statystyki odpowiedzi
Państwo Okres rządów Typ funkcji Głowa państwa % Poprawnych
III Rzeczpospolita 2015-aktualnie Prezydent Andrzej Duda
88%
III Rzeczpospolita 1990-1995 Prezydent Lech Wałęsa
84%
III Rzeczpospolita 2005-2010 Prezydent Lech Kaczyński
83%
III Rzeczpospolita 1995-2005 Prezydent Aleksander Kwaśniewski
79%
PRL 1985-1989 Przewodniczący Rady Państwa Wojciech Jaruzelski
79%
PRL/III Rzeczpospolita 1989-1990 Prezydent Wojciech Jaruzelski
79%
III Rzeczpospolita 2010-2015 Prezydent Bronisław Komorowski
78%
II Rzeczpospolita 1922 Prezydent Gabriel Narutowicz
76%
II Rzeczpospolita 1918-1922 Naczelnik Państwa Józef Piłsudski
76%
II Rzeczpospolita 1926-1939 Prezydent Ignacy Mościcki
62%
PRL 1945-1952 Prezydent/Przewodniczący Rady Państwa Bolesław Bierut
54%
II Rzeczpospolita 1922-1926 Prezydent Stanisław Wojciechowski
41%
PRL 1964-1968 Przewodniczący Rady Państwa Edward Ochab
23%
II Rzeczpospolita 1939-1945 (w 1945 w większości państw stracił uznanie międzynarodowe) Prezydent Władysław Raczkiewicz
22%
PRL 1970-1972 Przewodniczący Rady Państwa Józef Cyrankiewicz
21%
PRL 1952-1964 Przewodniczący Rady Państwa Aleksander Zawadzki
16%
PRL 1972-1985 Przewodniczący Rady Państwa Henryk Jabłoński
13%
PRL 1968-1970 Przewodniczący Rady Państwa Marian Spychalski
11%
Nie znaleziono quizów pasujących do podanych kryteriów
Rozkład punktacji
Procent ludzi z każdym wynikiem
Percentyl według liczby udzielonych odpowiedzi
Twoja historia wyników
Nie rozwiązałeś tego quizu